Cadernos FGV Direito Rio. Educaȯ̂ e Direito Vol. 11

Detalles Bibliográficos
Formato: Libro
Lenguaje:portugués
Publicado: Rio de Janeiro FGV - Direito Rio, 2015
Materias:
Acceso en línea:Acceso restringido

MARC

LEADER 00000nam a22000007a 4500
005 20151026124834.0
007 cr|||| ||u|
008 151026s2015 bl ||||| |||| 00||0 por d
020 |a 978-85-63265-49-4 
035 |a 12911 
040 |a vLex 
090 |c 5620  |d 5620 
245 1 0 |a Cadernos FGV Direito Rio. Educaȯ̂ e Direito Vol. 11  |h [Recurso electrn̤ico] /  |c FGV - Direito Rio 
256 |a Servicio en ln̕ea  
260 |a Rio de Janeiro  |b FGV - Direito Rio,  |c 2015 
300 |a 1 recurso electrn̤ico (vol.11) 
506 1 |a Contenido solo disponible en los productos indicados  |d vLex Global  |d vLex Global (Academic Edition, excluding Law Schools)  |d vLex Global (U.S. Academic Edition, Law Schools)  |d vLex Global (U.S. Academic Edition, excluding Law Schools)  |d vLex Global (Academic Edition, Law Schools) 
650 0 4 |a Derecho  |z Rio de Janeiro  
740 0 |a vLex libros (servicios en ln̕ea) 
856 4 0 |u http://vlex.com/source/cadernos-fgv-direito-rio-educa-o-e-direito-vol-11-12911  |z Acceso restringido  
942 |c BOOK 
999 0 |a Law